Pays traversés par l'équateur - Statistiques

Statistiques générales
  • Ce quiz a été pris 257 fois
  • Le résultat moyen est 9 sur 11
Statistiques - réponses
Afrique % Correct
Équateur
96%
Brésil
94%
République démocratique du Congo
91%
République du Congo
90%
Colombie
89%
Indonésie
84%
Kenya
83%
Gabon
69%
Ouganda
67%
Somalie
67%
São-Tomé-et-Principe
48%
Aucun quiz correspondant
Distribution des résultats
% des personnes avec chaque résultat
Percentile par nombre de réponses
Votre historique - résultats
Vous n’avez pas pris ce quiz